[Event "GER-chT U14"]
[Site "Kelheim"]
[Date "2022.12.28"]
[Round "3"]
[White "Selter, Julian Andre"]
[Black "Vollbehr, Bjarne"]
[Result "0-1"]
[WhiteElo "1614"]
[BlackElo "1791"]
[PlyCount "50"]
[EventDate "2022.12.26"]
[EventType "team-swiss"]
[EventRounds "7"]
[EventCountry "GER"]
[SourceTitle "CBM 212 Extra"]
[Source "ChessBase"]
[SourceDate "2023.03.31"]
[SourceVersion "1"]
[SourceVersionDate "2023.03.31"]
[SourceQuality "1"]
[WhiteTeam "Plettenberg"]
[BlackTeam "Kiel Doppelbauer"]
[WhiteTeamCountry "GER"]
[BlackTeamCountry "GER"]

1. e4 g6 2. d4 Bg7 3. Nc3 a6 4. Be3 b5 5. h4 h5 6. Qd2 d6 7. Be2 Nf6 8. f3 Nbd7 9. 0-0-0 Bb7 10. Nh3 Rc8 11. Nf2 c5 12. Bf4 Qa5 13. e5 cxd4 14. Qxd4 dxe5 15. Bxe5 b4 16. Bxf6 Nxf6 17. Nb1 Bh6+ 18. Nd2 Qxa2 19. f4 0-0 20. Nd3 b3 21. c3 Rfd8 22. Qb4 Bd5 23. Rhg1 a5 24. Qxe7 Rxc3+ 25. bxc3 Qc2# 0-1

[Event "GER-chT U14"]
[Site "Kelheim"]
[Date "2022.12.28"]
[Round "4"]
[White "Selter, Julian Andre"]
[Black "Yin, Vito"]
[Result "1/2-1/2"]
[WhiteElo "1614"]
[BlackElo "1441"]
[PlyCount "120"]
[EventDate "2022.12.26"]
[EventType "team-swiss"]
[EventRounds "7"]
[EventCountry "GER"]
[SourceTitle "CBM 212 Extra"]
[Source "ChessBase"]
[SourceDate "2023.03.31"]
[SourceVersion "1"]
[SourceVersionDate "2023.03.31"]
[SourceQuality "1"]
[WhiteTeam "Plettenberg"]
[BlackTeam "Baden-Baden"]
[WhiteTeamCountry "GER"]
[BlackTeamCountry "GER"]

1. e4 c5 2. c3 d6 3. d4 cxd4 4. cxd4 g6 5. Nf3 Bg7 6. h3 Nc6 7. Nc3 e6 8. Bc4 Qb6 9. Bb5 Bd7 10. Bxc6 Qxc6 11. 0-0 Ne7 12. Bg5 f6 13. Bh4 d5 14. exd5 Nxd5 15. Rc1 0-0 16. Ne4 Qb6 17. Nc5 Rad8 18. Qb3 Qxb3 19. Nxb3 b6 20. Bg3 Rc8 21. a3 Rfe8 22. Rfe1 Kf7 23. Nfd2 Rxc1 24. Rxc1 Bh6 25. Rb1 Ba4 26. Kf1 Rc8 27. Ke2 Nf4+ 28. Bxf4 Bxf4 29. g3 Bh6 30. Rc1 Bb5+ 31. Ke1 Rd8 32. Rc7+ Rd7 33. Rxd7+ Bxd7 34. Ne4 f5 35. Nc3 Bc6 36. f4 Bf8 37. Nd2 a5 38. Nc4 Bg7 39. Nxb6 Bxd4 40. Nc4 a4 41. Na5 Bd7 42. Nc4 Kf6 43. Ne2 Bc5 44. Ne5 Bb5 45. Nc3 Be8 46. Ke2 Bd4 47. Nf3 Bc5 48. Ne5 Bd6 49. Nf3 e5 50. fxe5+ Bxe5 51. Nxe5 Kxe5 52. Ke3 g5 53. Ne2 Bc6 54. h4 h6 55. hxg5 hxg5 56. Nc1 f4+ 57. gxf4+ gxf4+ 58. Kf2 Bd5 59. Nd3+ Kf5 60. Nc5 Bc6 1/2-1/2

[Event "GER-chT U12"]
[Site "Magdeburg"]
[Date "2021.08.06"]
[Round "4.3"]
[White "Selter, Julian Andre"]
[Black "Schambier, Leon Elias"]
[Result "1/2-1/2"]
[WhiteElo "1391"]
[BlackElo "1178"]
[PlyCount "61"]
[EventDate "2021.08.04"]
[EventType "team-swiss"]
[EventRounds "7"]
[EventCountry "GER"]
[SourceTitle "EXT 2022"]
[Source "ChessBase"]
[SourceDate "2021.10.06"]
[SourceVersion "1"]
[SourceVersionDate "2021.10.06"]
[SourceQuality "1"]
[WhiteTeam "Plettenberg"]
[BlackTeam "Stassfurt Einheit"]
[WhiteTeamCountry "GER"]
[BlackTeamCountry "GER"]

1. e4 e5 2. Nf3 Nc6 3. d4 exd4 4. Nxd4 Bc5 5. Be3 Qf6 6. c3 Nge7 7. Bc4 0-0 8. 0-0 Bb6 9. Qd2 Re8 10. f3 Ng6 11. Nxc6 Bxe3+ 12. Qxe3 bxc6 13. Qd2 Bb7 14. Na3 d5 15. exd5 cxd5 16. Bd3 d4 17. Bxg6 Qxg6 18. Qxd4 Re2 19. Rf2 Bxf3 20. Rxe2 Bxe2 21. Re1 Bf3 22. Qf2 Bd5 23. g3 Bxa2 24. Qxa7 Qc6 25. Qe3 Be6 26. Nc2 Re8 27. Nd4 Qb7 28. Qf2 Bd7 29. Rxe8+ Bxe8 30. Qe2 Kf8 31. b4 1/2-1/2

[Event "GER-chT U12"]
[Site "Magdeburg"]
[Date "2021.08.05"]
[Round "1.7"]
[White "Dammasch, Marlon"]
[Black "Selter, Julian Andre"]
[Result "0-1"]
[WhiteElo "860"]
[BlackElo "1391"]
[PlyCount "82"]
[EventDate "2021.08.04"]
[EventType "team-swiss"]
[EventRounds "7"]
[EventCountry "GER"]
[SourceTitle "EXT 2022"]
[Source "ChessBase"]
[SourceDate "2021.10.06"]
[SourceVersion "1"]
[SourceVersionDate "2021.10.06"]
[SourceQuality "1"]
[WhiteTeam "Vimbuch"]
[BlackTeam "Plettenberg"]
[WhiteTeamCountry "GER"]
[BlackTeamCountry "GER"]

1. e4 c5 2. c4 Nc6 3. Nf3 g6 4. Nc3 Bg7 5. d3 d6 6. Be3 Bg4 7. h3 Bxf3 8. Qxf3 Nd4 9. Bxd4 Bxd4 10. Rc1 Qa5 11. a3 Bxc3+ 12. Rxc3 Nf6 13. Be2 0-0 14. 0-0 Nd7 15. Rb1 Ne5 16. Qe3 Nc6 17. Bg4 e6 18. Rb3 Qc7 19. Rc3 Rae8 20. b4 b6 21. b5 Na5 22. a4 f5 23. Bf3 f4 24. Qd2 e5 25. Rcc1 Qe7 26. Qc3 Qh4 27. Re1 Qg5 28. Qd2 h5 29. Qd1 Re7 30. Qd2 Qh6 31. g3 g5 32. g4 hxg4 33. Bxg4 f3 34. Qe3 Ref7 35. Qc1 Rf4 36. Bxf3 Rxf3 37. Rd1 R8f7 38. Kf1 Qxh3+ 39. Kg1 Rg3+ 40. fxg3 Qxg3+ 41. Kh1 Rh7# 0-1